| 000 | 00770nam a22002052 4500 | ||
|---|---|---|---|
| 001 | 0000018792 | ||
| 005 | 20151217152134.0 | ||
| 008 | 100701s xx 000 0 eng d | ||
| 040 |
_aKABU _cKABU |
||
| 245 | 1 | 0 | _aProceedings of the workshop on biotechnology applications for banana and plantain improvement held in San Jose', Costa Rica 27-31 January 1992. |
| 250 | _a1st ed. | ||
| 260 |
_aMontpellier, France : _bINIBAP, _c1993. |
||
| 300 | _a251 p. | ||
| 650 | 0 |
_abananas. _@0000178198 |
|
| 710 | 2 |
_aInternational Network for the Improvement of Banana and Plantain (INIBAP) _@0000178199 |
|
| 852 | 1 | _9p400 KES | |
| 852 | 1 | _9p400 KES | |
| 908 | _a100701 | ||
| 950 | _@1 | ||
| 999 |
_c8658 _d8658 |
||